| 000 -Cabeçalho |
| Cabeçalho |
00486nam 22001693 4500 |
| 001 - Identificador do registo |
| Identificador do registo |
32537 |
| 090 ## - Número de controle KOHA |
| Número biblioitem KOHA |
32537 |
| 100 ## - Dados gerais de processamento |
| Dados gerais de processamento |
20260310d u||y0pory50 ba |
| 101 ## - Língua da publicação |
| Língua do texto, banda sonora, etc. |
Inglês |
| 200 ## - Título e menção de responsabilidade |
| Título próprio |
Observation and analysis of the surface Wind Over the Ocean |
| Primeira menção de responsabilidade |
G.Verploegh |
| 210 ## - Publicação, distribuição, etc. |
| Data da publicação, distribuição, etc. |
1967 |
| 317 ## - Nota de proveniência |
| Instituição e exemplar a que o campo se aplica |
Serviço Meteorológico Nacional |
| 500 ## - Título uniforme |
| Título uniforme |
Observation and analysis of the surface Wind Over the Ocean |
| 606 ## - Nome comum usado como assunto |
| Subdivisão de assunto |
Oceanografia |
| ID Autoridade |
23719 |
| 700 ## - Nome de pessoa - responsabilidade principal |
| Palavra de ordem |
Verploegh |
| Outra parte do nome não tomada para palavra de ordem |
G. |
| ID Autoridade |
23720 |
| 801 ## - Fonte de origem |
| Regras de catalogação |
ISBD |
| 942 ## - Informação adicional KOHA |
| Inibição de acesso no OPAC |
Não |